[Event "32nd Czech Rapid G1 2021"]
[Site "Pardubice CZE"]
[Date "2021.07.22"]
[Round "9.2"]
[White "Jobava, Ba"]
[Black "Stocek, J."]
[Result "1-0"]
[WhiteElo "2603"]
[BlackElo "2604"]
[PlyCount "87"]
[EventDate "2021.07.21"]
[EventType "rapid"]
[EventRounds "9"]
[EventCountry "CZE"]
[SourceTitle "The Week in Chess 1394"]
[Source "Mark Crowther"]
[SourceDate "2021.07.26"]
[SourceVersion "3"]
[SourceVersionDate "2021.07.27"]
[SourceQuality "2"]

1. d4 Nf6 2. Bg5 Ne4 3. Bf4 c5 4. e3 Qb6 5. Nc3 Nxc3 6. bxc3 Qa5 7. Qd2 e6 8.
Nf3 d5 9. c4 Qxd2+ 10. Kxd2 cxd4 11. exd4 dxc4 12. Bxc4 Nc6 13. Rhe1 Be7 14. d5
exd5 15. Bxd5 Bf5 16. Bxc6+ bxc6 17. Kc3 Be6 18. Nd4 O-O 19. f3 Rad8 20. Nxe6
fxe6 21. Rxe6 Bc5 22. Re4 Rf5 23. Rae1 Bb6 24. Re8+ Rxe8 25. Rxe8+ Kf7 26. Re4
Ba5+ 27. Kc4 Rb5 28. Bd6 Bd8 29. Bb4 a5 30. Bc3 Bc7 31. h3 h5 32. a4 Rf5 33.
Bd4 Bd6 34. Kd3 g5 35. Ke2 h4 36. Be3 Bg3 37. Rc4 Re5 38. Rc5 Rxc5 39. Bxc5 Bc7
40. Kd3 Ke6 41. Ke4 Bd8 42. Be3 Bf6 43. Bb6 Bc3 44. Bd8 1-0

[Event "Speed Chess GP4 KO 2021"]
[Site "chess.com INT"]
[Date "2021.10.09"]
[Round "2.2"]
[White "Jobava, Ba"]
[Black "Bortnyk, Olexandr"]
[Result "1-0"]
[WhiteElo "2582"]
[BlackElo "2604"]
[PlyCount "87"]
[EventDate "2021.10.09"]
[SourceVersionDate "2018.05.14"]

1. d4 Nf6 2. Bg5 c6 3. Bxf6 exf6 4. e3 Qb6 5. b3 d5 6. Nf3 Bg4 7. Be2 Nd7 8.
O-O Be7 9. c4 dxc4 10. bxc4 O-O 11. Nc3 Qa5 12. Qb3 b6 13. h3 Bh5 14. Rfd1 Rfd8
15. a4 Rac8 16. Nh4 f5 17. Bxh5 Bxh4 18. Bf3 Bf6 19. Rac1 Nf8 20. g3 Ne6 21.
Kg2 c5 22. d5 Ng5 23. Nb5 a6 24. Na7 Nxf3 25. Kxf3 Qb4 26. Qc2 g6 27. Nxc8 Rxc8
28. Rb1 Qa5 29. g4 fxg4+ 30. hxg4 Rd8 31. Kg2 Kg7 32. f4 Rh8 33. g5 Bc3 34.
Rxb6 Re8 35. Rxa6 Qxa6 36. Qxc3+ Kg8 37. a5 Qc8 38. Kg3 Qf5 39. d6 Rd8 40. Qf6
Qc8 41. a6 Rd7 42. Ra1 Qa8 43. a7 Kf8 44. Qh8# 1-0

[Event "Wch Blitz"]
[Site "Doha"]
[Date "2016.12.29"]
[Round "12"]
[White "Jobava, Baadur"]
[Black "Matlakov, Maxim"]
[Result "1-0"]
[WhiteElo "2702"]
[BlackElo "2694"]
[PlyCount "95"]
[EventDate "2016.12.29"]
[EventType "swiss (blitz)"]
[EventRounds "21"]
[EventCountry "QAT"]
[SourceTitle "CBM 176 Extra"]
[Source "ChessBase"]
[SourceDate "2017.03.02"]
[SourceVersion "1"]
[SourceVersionDate "2017.03.02"]
[SourceQuality "1"]

1. d4 Nf6 2. Bg5 d5 3. e3 c5 4. Bxf6 gxf6 5. c3 Qb6 6. Qb3 Nc6 7. Nd2 cxd4 8.
exd4 e5 9. Ngf3 Be6 10. Bb5 e4 11. Nh4 f5 12. g3 Bd6 13. Ng2 O-O 14. Be2 Qc7
15. f4 Rab8 16. a4 a6 17. Ne3 Ne7 18. a5 Kh8 19. O-O Rg8 20. Kh1 Rg7 21. Rf2
Rbg8 22. Ng2 h5 23. Qd1 h4 24. Nxh4 e3 25. Rf1 exd2 26. Qxd2 Rh7 27. Qe3 Ng6
28. Ng2 Nf8 29. Bd3 Nd7 30. Nh4 Nf6 31. Rae1 Ne4 32. Bxe4 dxe4 33. d5 Bc5 34.
Qd2 e3 35. Qd3 Bc8 36. b4 Ba7 37. c4 Bd7 38. c5 Bb5 39. Qd4+ Rhg7 40. Rf3 Qd7
41. Rfxe3 Kh7 42. Re5 Rg4 43. Re7 Qd8 44. Rxf7+ R8g7 45. Rxg7+ Rxg7 46. Nxf5
Rd7 47. Re6 Rxd5 48. Rh6+ 1-0

[Event "PRO League KO Stage"]
[Site "chess.com INT"]
[Date "2017.03.25"]
[Round "4.2"]
[White "Jobava, Baadur"]
[Black "Tari, Aryan"]
[Result "1-0"]
[WhiteElo "2701"]
[BlackElo "2596"]
[PlyCount "79"]
[EventDate "2017.03.01"]
[EventType "team-k.o."]
[EventRounds "5"]
[EventCountry "USA"]
[SourceTitle "CBM 177 Extra"]
[Source "ChessBase"]
[SourceDate "2017.04.27"]
[SourceVersion "1"]
[SourceVersionDate "2017.04.27"]
[SourceQuality "1"]
[WhiteTeam "Stockholm Snowballs"]
[BlackTeam "Norway Gnomes"]
[WhiteTeamCountry "SWE"]
[BlackTeamCountry "NOR"]

1. d4 Nf6 2. Bg5 Ne4 3. Bf4 d5 4. f3 Nf6 5. Nc3 e6 6. e3 Bd6 7. Qd2 O-O 8.
O-O-O c5 9. Nge2 Nc6 10. g4 a6 11. g5 Ne8 12. h4 b5 13. dxc5 Bxc5 14. Nd4 Bd7
15. h5 b4 16. Nce2 Nd6 17. Ng3 Nb5 18. Nb3 Be7 19. Ne2 e5 20. Bg3 Bxg5 21. f4
exf4 22. exf4 Bf6 23. Qxd5 Qb6 24. Qxd7 Rad8 25. Qh3 Qe3+ 26. Rd2 Rxd2 27. Nxd2
Bxb2+ 28. Kd1 Nc3+ 29. Nxc3 bxc3 30. Be1 Qxh3 31. Rxh3 cxd2 32. Bxd2 a5 33. Bg2
Ne7 34. Bxa5 f5 35. Bb4 Bf6 36. a4 Rb8 37. Rb3 Rd8+ 38. Rd3 Rb8 39. c3 Kf7 40.
a5 1-0

[Event "Reykjavik op"]
[Site "Reykjavik"]
[Date "2017.04.22"]
[Round "5"]
[White "Jobava, Baadur"]
[Black "Stefansson, Hannes"]
[Result "1-0"]
[WhiteElo "2712"]
[BlackElo "2566"]
[PlyCount "59"]
[EventDate "2017.04.19"]
[EventType "swiss"]
[EventRounds "10"]
[EventCountry "ISL"]
[SourceTitle "CBM 178 Extra"]
[Source "ChessBase"]
[SourceDate "2017.06.22"]
[SourceVersion "1"]
[SourceVersionDate "2017.06.22"]
[SourceQuality "1"]

1. d4 Nf6 2. Bg5 e6 3. Nd2 h6 4. Bh4 c5 5. c3 Nc6 6. e3 b6 7. Ne4 Be7 8. Bxf6
gxf6 9. d5 Ne5 10. f4 f5 11. fxe5 fxe4 12. dxe6 dxe6 13. Qg4 Qd7 14. Rd1 Qc6
15. Qg7 Rf8 16. Nh3 Bd7 17. Be2 c4 18. Rf1 Qb5 19. b4 O-O-O 20. Rd4 Qa4 21.
Rxf7 Qc2 22. Nf4 Rxf7 23. Qxf7 Bg5 24. Kf2 b5 25. Nxe6 Bxe6 26. Qxe6+ Kb8 27.
Rxd8+ Bxd8 28. Qe8 Qd2 29. e6 Qd6 30. Qxb5+ 1-0

[Event "Politiken Cup 36th"]
[Site "Helsingor"]
[Date "2014.07.27"]
[Round "8"]
[White "Jones, Gawain CB"]
[Black "Meier, Georg"]
[Result "1-0"]
[WhiteElo "2665"]
[BlackElo "2632"]
[PlyCount "81"]
[EventDate "2014.07.21"]
[EventType "swiss"]
[EventRounds "10"]
[EventCountry "DEN"]
[SourceTitle "CBM 161 Extra"]
[Source "ChessBase"]
[SourceDate "2014.08.29"]
[SourceVersion "1"]
[SourceVersionDate "2014.08.29"]
[SourceQuality "1"]

1. d4 Nf6 2. Bg5 d5 3. e3 e6 4. Nd2 c5 5. c3 Nbd7 6. Ngf3 Qc7 7. Bd3 Be7 8. O-O
O-O 9. Qe2 b6 10. Rac1 Bb7 11. c4 Bd6 12. b4 Ne4 13. cxd5 exd5 14. dxc5 bxc5
15. bxc5 Ndxc5 16. Nb3 Rfc8 17. Nxc5 Bxc5 18. Bf4 Qa5 19. Ne5 Qd8 20. Nxf7 Kxf7
21. Bxe4 dxe4 22. Qh5+ Kg8 23. Rxc5 Rxc5 24. Qxc5 Qd5 25. Qe7 Qf7 26. Qa3 a6
27. Rd1 Bd5 28. Rd2 Bc4 29. Rd6 Bxa2 30. h3 Bc4 31. Rc6 Bb5 32. Rc7 Qf6 33.
Qa2+ Kh8 34. Rf7 Qg6 35. Be5 Rg8 36. Rc7 h5 37. Qd5 Kh7 38. Bd4 Be2 39. Rc6 Rd8
40. Qe5 Re8 41. Qc5 1-0

[Event "Calgary op"]
[Site "Calgary"]
[Date "2016.08.01"]
[Round "9"]
[White "Kamsky, Gata"]
[Black "Troff, Kayden W"]
[Result "1-0"]
[WhiteElo "2660"]
[BlackElo "2543"]
[PlyCount "63"]
[EventDate "2016.07.27"]
[EventType "swiss"]
[EventRounds "9"]
[EventCountry "CAN"]
[SourceTitle "CBM 173 Extra"]
[Source "ChessBase"]
[SourceDate "2016.08.29"]
[SourceVersion "1"]
[SourceVersionDate "2016.08.29"]
[SourceQuality "1"]

1. d4 Nf6 2. Bg5 d5 3. e3 Nbd7 4. Nf3 g6 5. c4 Ne4 6. cxd5 Nb6 7. Nc3 Nxg5 8.
Nxg5 h6 9. Bb5+ Bd7 10. Bxd7+ Qxd7 11. Nf3 Nxd5 12. Qb3 O-O-O 13. Ne5 Qe6 14.
Ne4 Rh7 15. O-O Qb6 16. Qa4 e6 17. Rfc1 a6 18. Rab1 f5 19. Nd2 g5 20. b4 Qb5
21. Qd1 Nb6 22. Ndc4 Nxc4 23. Nxc4 Kb8 24. a4 Qd5 25. b5 axb5 26. Rxb5 c5 27.
Nb6 Qc6 28. Qb3 e5 29. dxc5 Kc7 30. Nc4 Qd5 31. c6 b6 32. Rxd5 1-0

[Event "ISR-chT"]
[Site "Israel"]
[Date "1998.??.??"]
[Round "?"]
[White "Kantsler, Boris"]
[Black "Manor, Ilan"]
[Result "1-0"]
[WhiteElo "2535"]
[BlackElo "2530"]
[PlyCount "85"]
[EventDate "1998.??.??"]
[EventType "team"]
[EventRounds "10"]
[EventCountry "ISR"]
[SourceTitle "CBM 064"]
[Source "ChessBase"]
[SourceDate "1998.06.02"]
[SourceVersion "1"]
[SourceVersionDate "1998.06.02"]
[SourceQuality "1"]

1. d4 Nf6 2. Bg5 Ne4 3. Bf4 c5 4. d5 Qb6 5. Bc1 g6 6. f3 Nf6 7. e4 d6 8. c4 Bg7
9. Nc3 O-O 10. Bd3 Nbd7 11. f4 e5 12. dxe6 fxe6 13. Nge2 e5 14. f5 gxf5 15.
exf5 Kh8 16. Ng3 d5 17. cxd5 e4 18. Bb1 Ne5 19. O-O c4+ 20. Kh1 Nd3 21. Qe2 Bd7
22. Be3 Qa6 23. Bd4 Rae8 24. Bc2 e3 25. Rf3 Ng4 26. Bxg7+ Kxg7 27. h3 Ngf2+ 28.
Kh2 Qb6 29. Nd1 Qd4 30. Rxe3 Nxd1 31. Re7+ Kh8 32. Rxd1 Qf6 33. Re6 Bxe6 34.
fxe6 Nxb2 35. Rf1 Qg7 36. Nf5 Qf6 37. Rf3 Nd3 38. e7 Rg8 39. d6 Ne5 40. Re3 Nd7
41. Qxc4 Rg5 42. Qb5 Reg8 43. g3 1-0

[Event "Chigorin Memorial blitz 24th"]
[Site "St Petersburg"]
[Date "2016.10.14"]
[Round "10"]
[White "Khismatullin, Denis Rimovich"]
[Black "Moiseenko, Vadim"]
[Result "1-0"]
[WhiteElo "2617"]
[BlackElo "2528"]
[PlyCount "77"]
[EventDate "2016.10.14"]
[EventType "swiss (blitz)"]
[EventRounds "13"]
[EventCountry "RUS"]
[SourceTitle "EXT 2017"]
[Source "ChessBase"]
[SourceDate "2016.10.25"]
[SourceVersion "1"]
[SourceVersionDate "2016.10.25"]
[SourceQuality "1"]

1. d4 Nf6 2. Bg5 Ne4 3. Bf4 c5 4. f3 Qa5+ 5. c3 Nf6 6. d5 d6 7. e4 g6 8. Nd2
Bg7 9. Nc4 Qd8 10. a4 O-O 11. Bd3 Nbd7 12. Ne2 Nh5 13. Bg5 h6 14. Be3 Kh7 15.
h4 Nhf6 16. h5 Ne5 17. Nxe5 dxe5 18. hxg6+ fxg6 19. Qd2 Ng8 20. Bxc5 b6 21. Be3
e6 22. Bc4 Qc7 23. Bb3 exd5 24. Bxd5 Rd8 25. Qc1 Rxd5 26. exd5 e4 27. fxe4 Bg4
28. Qc2 Re8 29. O-O-O Qc4 30. Nd4 Bxd1 31. Rxd1 Nf6 32. Ne6 Bh8 33. Bd4 Nd7 34.
b3 Qa6 35. Bxh8 Rxh8 36. Kb2 b5 37. Rf1 Ne5 38. Qf2 bxa4 39. Qf7+ 1-0

[Event "Munich Krulich Cup"]
[Site "Munich"]
[Date "2016.11.27"]
[Round "9"]
[White "Kindermann, Stefan"]
[Black "Ragger, Markus"]
[Result "1-0"]
[WhiteElo "2528"]
[BlackElo "2680"]
[PlyCount "87"]
[EventDate "2016.11.26"]
[EventType "tourn (rapid)"]
[EventRounds "11"]
[EventCountry "GER"]
[SourceTitle "CBM 175 Extra"]
[Source "ChessBase"]
[SourceDate "2016.12.12"]
[SourceVersion "1"]
[SourceVersionDate "2016.12.12"]
[SourceQuality "1"]

1. d4 Nf6 2. Bg5 Ne4 3. Bf4 c5 4. f3 Qa5+ 5. c3 Nf6 6. d5 e6 7. e4 exd5 8. exd5
d6 9. Na3 Be7 10. Ne2 O-O 11. Ng3 Re8 12. Be2 a6 13. Nc4 Qc7 14. a4 b6 15. Ne4
Nxe4 16. fxe4 Bf8 17. O-O Bb7 18. e5 dxe5 19. d6 Qc6 20. Bf3 e4 21. Bg4 Rd8 22.
Qb3 b5 23. Na5 Qd5 24. c4 Qd4+ 25. Be3 bxc4 26. Bxd4 cxb3 27. Nxb7 Rxd6 28.
Nxd6 Bxd6 29. Bc3 Nc6 30. Bf5 e3 31. Rae1 c4 32. Be4 Rc8 33. Bxc6 Rxc6 34. Bd4
f6 35. Rxe3 Kf7 36. Rd1 Bb4 37. Kf1 Rd6 38. Ke2 Rc6 39. Bc3 Bd6 40. h3 f5 41.
Rd5 g6 42. g4 f4 43. Re4 h6 44. Rdd4 1-0

[Event "BL2-West 9596"]
[Site "Germany"]
[Date "1996.??.??"]
[Round "?.1"]
[White "Kishnev, Sergey"]
[Black "Chuchelov, Vladimir"]
[Result "1-0"]
[WhiteElo "2500"]
[BlackElo "2550"]
[PlyCount "97"]
[EventDate "1995.10.??"]
[EventType "team-tourn"]
[EventRounds "9"]
[EventCountry "GER"]
[SourceTitle "GER-chT2"]
[Source "ChessBase"]
[SourceDate "1999.07.01"]
[SourceVersion "1"]
[SourceVersionDate "1999.07.01"]
[SourceQuality "1"]
[WhiteTeam "Gelsenkirchen"]
[BlackTeam "Andernach"]
[WhiteTeamCountry "GER"]
[BlackTeamCountry "GER"]

1. d4 Nf6 2. Bg5 e6 3. e4 h6 4. Bxf6 Qxf6 5. Nc3 d6 6. Qd2 g5 7. Bb5+ Nd7 8.
Nge2 a6 9. Bd3 c5 10. dxc5 dxc5 11. O-O Ne5 12. f4 gxf4 13. Nxf4 Qd8 14. Nh5
Qd4+ 15. Kh1 c4 16. Ne2 Qd6 17. Qf4 cxd3 18. cxd3 Be7 19. d4 Nc6 20. e5 Qb4 21.
Qxf7+ Kd8 22. Nef4 Bg5 23. Ng6 Re8 24. a3 Qb5 25. Nf6 Ne7 26. Nxe8 Qxe8 27.
Qxe8+ Kxe8 28. Rf8+ Kd7 29. Nxe7 Bxe7 30. Rh8 b5 31. d5 exd5 32. Rxh6 Bb7 33.
h4 Rg8 34. Rd1 Rg4 35. h5 d4 36. Rd2 Be4 37. Rxd4+ Kc7 38. Kh2 Rxg2+ 39. Kh3
Re2 40. Rxa6 Bc5 41. Rd1 Bb7 42. Rg6 Re3+ 43. Kh4 Re4+ 44. Kg3 Rxe5 45. h6 Rf5
46. Rc1 Be4 47. Rg4 Bc6 48. Rxc5 Rxc5 49. h7 1-0

[Event "USA-ch"]
[Site "Estes Park"]
[Date "1985.??.??"]
[Round "3"]
[White "Kogan, Boris Markovich"]
[Black "Browne, Walter Shawn"]
[Result "1-0"]
[WhiteElo "2500"]
[BlackElo "2530"]
[PlyCount "60"]
[EventDate "1985.10.??"]
[EventType "tourn"]
[EventRounds "13"]
[EventCountry "USA"]
[EventCategory "10"]
[SourceTitle "MCD"]
[Source "ChessBase"]
[SourceDate "1999.07.01"]
[SourceVersion "1"]
[SourceVersionDate "1999.07.01"]
[SourceQuality "1"]

1. d4 Nf6 2. Bg5 c5 3. Bxf6 gxf6 4. d5 Qb6 5. Qc1 f5 6. g3 Bg7 7. c3 d6 8. Nd2
Qc7 9. Qc2 e6 10. Bh3 O-O 11. Ngf3 Nd7 12. O-O Nf6 13. c4 Bd7 14. Rfe1 Rae8 15.
Rad1 Kh8 16. Ng5 Qd8 17. f4 h6 18. dxe6 fxe6 19. Ngf3 Bc6 20. Nh4 Kg8 21. Bg2
Bxg2 22. Kxg2 Qb6 23. b3 Qc6+ 24. e4 fxe4 25. Nxe4 Rd8 26. Nf3 Nxe4 27. Rxe4 d5
28. Re2 e5 29. cxd5 Rxd5 30. Qc4 Rfd8 1-0

[Event "RUS Cup final 6th"]
[Site "Nefteyugansk"]
[Date "2002.10.09"]
[Round "5"]
[White "Kornev, Alexei"]
[Black "Prokopchuk, Evgeny"]
[Result "1-0"]
[WhiteElo "2566"]
[BlackElo "2513"]
[Annotator "Tsesarsky,I"]
[PlyCount "63"]
[EventDate "2002.10.06"]
[EventType "tourn"]
[EventRounds "11"]
[EventCountry "RUS"]
[EventCategory "11"]
[SourceTitle "CBM 092"]
[Source "ChessBase"]
[SourceDate "2003.02.06"]
[SourceVersion "1"]
[SourceVersionDate "2003.02.06"]
[SourceQuality "1"]

1. d4 {Finkel,A} Nf6 2. Bg5 Ne4 3. Bf4 d5 4. e3 (4. f3 {Finkel,A} Nf6 5. Nc3 e6
6. e4 Bb4 7. Qd3 c5 8. dxc5 Nc6 9. O-O-O Bxc3 10. Qxc3 d4 11. Qd2 e5 12. Bg5 h6
13. Bxf6 Qxf6 14. Bb5 O-O 15. Ne2 Qe7 $132 {Tichy,V-Smejkal,J/Mar.Lazne CS-ch/
1978}) (4. Nd2 {Finkel,A} c5 5. Nxe4 dxe4 6. dxc5 Qa5+ 7. c3 Qxc5 8. Qd4 $2 (8.
Qa4+ {Finkel,A} Qc6 9. Qxc6+ Nxc6 10. f3 e5 11. Be3 Bf5 12. g4 Be6 13. Nh3 f6
14. Nf2 exf3 15. exf3 Ne7 $10 {Tunik,G-Avrukh,B/Beersheba/1996}) 8... Qxd4 9.
cxd4 Nc6 10. O-O-O e5 $1 11. dxe5 Be6 12. Kb1 e3 $1 13. Bxe3 Nb4 $17 {
Mikhalevski,V-Tseitlin,MD/Beersheba/1996}) 4... c5 (4... c6 {Finkel,A} 5. Bd3
Qb6 6. Bxe4 Qxb2 7. Nd2 dxe4 8. Ne2 Nd7 9. O-O Nf6 10. c4 Qa3 11. Ng3 g6 12.
Be5 Bg7 13. Ngxe4 Nxe4 14. Bxg7 Nxd2 15. Qxd2 $14 {Hodgson,J-Hjartarson,J/
Copenhagen PC/1996}) 5. Bd3 Nc6 {Finkel,A: 'Extremly dangerous continuation
demanding from black accurate play to pass opening in peace!'} ({Quite
reliable is} 5... cxd4 $1 6. exd4 (6. Bxe4 {Finkel,A} dxe4 7. Qxd4 Qxd4 8. exd4
Nc6 9. c3 (9. Ne2 {Finkel,A} Bg4 10. Nbc3 e6 11. O-O-O Nb4 12. Rde1 Bf5 13. Ng3
Bg6 14. a3 Nc6 15. Rd1 O-O-O 16. Be3 f5 17. f3 exf3 18. gxf3 f4 19. Bxf4 Nxd4
$132 {0-1 Romero Holmes,A-Visser,Y/Wijk aan Zee NED 2000/The Week in Chess 272/
(54)}) 9... b6 10. Nd2 Bb7 11. Ne2 $14 {[%csl Re4][%cal Ge2g3] Lputian,
S-Rytshagov,M/Istanbul 2000}) 6... Qb6 $1 {[%cal Gb6b2]} (6... Nc6 7. c3 Bf5 8.
Qe2 e6 9. Nd2 Nd6 $11 {-see commented game 1-0 Timman,J-Van Wely,L/Breda 1998/
CBM 65[Stohl,I] (63)}) (6... g6 7. Be5 f6 8. Bxb8 Rxb8 9. Ne2 Bh6 10. c4 O-O
11. O-O Be6 12. Bxe4 dxe4 13. d5 Bf7 14. Nbc3 f5 $132 {1/2-1/2 Akopian,
V-Herrera,I/Linares ESP 2001/The Week in Chess 324 (44)}) 7. Bxe4 dxe4 8. Nc3
Nc6 9. d5 e5 $1 10. Be3 Qxb2 (10... Nd4 11. Nge2 Bg4 12. Bxd4 exd4 13. Qxd4
Qxd4 14. Nxd4 $14 {1-0 Janssen,R-Visser,Y/Rotterdam 1999/CBM 73 ext (46)}) 11.
Nge2 Nb4 $15) (5... e6 6. Nd2 (6. Bxe4 dxe4 7. Nc3 cxd4 8. Qxd4 Qxd4 9. exd4
Bb4 10. Nge2 f5 11. O-O-O Nc6 12. Rhf1 O-O 13. f3 exf3 14. Rxf3 Bd7 $11 {
1/2-1/2 Berg,K-Prusikhin,M/Morso DEN 2002/The Week in Chess 380 (26)}) 6...
Nxd2 7. Qxd2 Nc6 8. c3 Bd6 9. Bxd6 Qxd6 10. f4 Bd7 11. Nf3 O-O-O 12. O-O f6
$132 {1/2-1/2 Fink,S-Karklins,A/Philadelphia 1999/CBM 73 ext (41)}) ({In my
opinion, even} 5... Nf6 {promises to Black convenient life:} 6. Nf3 e6 7. O-O
Nc6 8. c3 Bd6 $11) (5... Qb6 {Finkel,A} 6. Bxe4 dxe4 7. Nc3 cxd4 (7... Qxb2 $5
{Finkel,A} 8. Nge2 cxd4 (8... Bg4 {Finkel,A} 9. Rb1 Qxc3+ 10. Nxc3 Bxd1 11.
Kxd1 cxd4 12. exd4 Nc6 13. d5 O-O-O 14. Ke2 Nd4+ 15. Ke3 $14 {1/2-1/2 Tu Hoang
Thong-West,G/Elista RUS 1998/ (46)}) 9. Rb1 Qa3 10. Qxd4 Nc6 11. Qxe4 f5 12.
Qd5 e6 13. Qd2 e5 14. Nb5 Qe7 15. Bg5 Qf7 $11 {Turzo,A-Hatanbaatar,B/FSGM June,
Budapest HUN 1998}) 8. Qxd4 $1 Qxd4 9. exd4 f5 $1 (9... Bf5 {Finkel,A} 10. Nge2
e6 11. O-O-O Nc6 12. d5 exd5 13. Nxd5 O-O-O 14. Nec3 Bc5 15. Be3 $14 {Tu Hoang
Thai-Esplana,C/Elista RUS 1998}) 10. Nge2 e6 11. Nb5 Na6 $11 {[%cal Gc8d7]}) 6.
Bxe4 $1 {White implements the main idea of this variation: creates weak Pe4.
Finkel,A: ' White wants to take over the initiative by starting an actions in
the center.'} ({On} 6. Ne2 {goes} Nf6 $1 7. c3 Bg4 {and Black has no problems
in the opening.} 8. Nd2 e6 9. O-O Bh5 10. Bg3 Bd6 11. dxc5 Bxc5 12. Qb3 Bb6 13.
Nf4 Bg6 14. Rad1 O-O 15. Bxg6 hxg6 16. c4 Na5 17. Qb4 Rc8 18. b3 Nc6 19. Qa4 d4
$11 (19... Qe7 20. cxd5 Nxd5 21. Nxd5 exd5 22. Nf3 Rcd8 $14 {1-0 Christiansen,
L-Iuldachev,S/Bled SLO 2002/The Week in Chess 418 (62)})) 6... dxe4 7. d5 Nb4 (
{After} 7... e5 8. Bg3 Ne7 (8... Nb4 {Finkel,A} 9. Nc3 Bg4 10. Qxg4 Nxc2+ 11.
Kd2 Nxa1 12. Nge2 Qb6 13. Kc1 $16) 9. Nc3 (9. c4 {Finkel,A} f6 10. Nc3 Bf5 11.
f3 $5 exf3 12. Nxf3 {with the initiative}) 9... f6 {White has good chance to
get an advantage:} 10. Nxe4 (10. Qh5+ Ng6 11. O-O-O Qa5 12. f4 exf3 13. Nxf3
Qc7 14. Nb5 Qd7 15. Nh4 Qg4 (15... Qxb5 16. Nxg6 hxg6 17. Qxh8 Bg4 18. Rd2
O-O-O 19. Qh4 $16) 16. Nc7+ Kf7 17. Qxg4 Bxg4 18. Nxa8 Bxd1 19. Rxd1 Nxh4 20.
Bxh4 Bd6 21. e4 $14 {1/2-1/2 Berg,K-Navara,D/Morso DEN 2002/The Week in Chess
380 (28)}) 10... Nxd5 11. Bxe5 {-see commented game 1/2-1/2 Liang Chong-Dizdar,
G/Las Vegas 1999/CBM 72 [Alterman,B, Greenfeld,A] (43)}) 8. Nc3 {[%csl Re4]
[%cal Gc3e4]} Bf5 $6 $16 {Yields to White part of advantage.} (8... e6 $142 $1
9. d6 f5 10. Nh3 $14 {[%cal Ge1g1,Gf2f3,Gd1h5]} (10. f3 Nc6 11. fxe4 e5 $1 (
11... fxe4 $2 12. Qh5+ g6 13. Qxc5 $16 {1-0 Rey,G-Wong,R/San Francisco 2000/
EXT 2001 (23)}) 12. Bg3 (12. exf5 Bxf5 (12... exf4 13. Qh5+ g6 (13... Kd7 14.
Qf7+ $18) 14. fxg6 Bg7 15. gxh7+ Kf8 16. O-O-O $14) 13. e4 Be6 $132) 12... Qxd6
$11)) (8... g6 $2 9. a3 Na6 10. Nxe4 Bg7 11. Nc3 Qb6 12. Rb1 Bf5 13. e4 $16 {
1-0 Bunk,K-Visweswaran,K/Kiel GER 2001/The Week in Chess 355 (41)}) 9. a3 Na6
10. f3 $1 {Allows to Black to get rid of the weakness. But White gets space
and development advantage instead.} ({Anther continuation - in spirit of this
variation - was} 10. Nge2 $5 {[%csl Re4,Rf5][%cal Ge2g3] and White leaves with
advantage, for example:} Qd7 {'?!' Finkel,A.} (10... g6 11. Ng3 Bg7 12. O-O Nc7
13. Ngxe4 Bxe4 14. Bxc7 (14. Nxe4 Qxd5 $11) 14... Qxc7 15. Nxe4 Bxb2 16. Rb1
$16) (10... Qb6 11. Ng3 Qxb2 12. Ncxe4 Bxe4 13. Nxe4 f5 14. Nd2 O-O-O 15. c4 e6
16. Rb1 Qxa3 17. dxe6 Be7 18. Be5 $16) (10... Bg6 11. Ng3 f5 12. h4 $14) 11.
Ng3 Bg4 12. Qd2 h6 13. Ngxe4 $16 {1-0 Ubezio,M-Pace,P/Corsico 1999/EXT 2001 
(24)}) 10... exf3 {'?!' Finkel,A. Finkel,A: 'Passing the initiative into
white's hands. '} (10... Qb6 $5 {Finkel,A} 11. Rb1 (11. fxe4 {Finkel,A} Qxb2
12. Na4 Qb5 13. exf5 Qxa4 14. Nf3 Rd8 $132) 11... Qg6 12. g4 Bd7 13. Nxe4 Bxg4
$132) 11. Nxf3 {[%csl Rf8][%cal Ge3e4]} g6 ({White leaves with serious
advantage in case of} 11... Qb6 12. Rb1 e6 13. e4 Bg4 (13... Bg6 14. Ne5 $16)
14. O-O O-O-O 15. Qe1 f6 16. Nd2 e5 17. Nc4 Qc7 18. Be3 $16) ({Or} 11... e6 12.
e4 Bg4 (12... Bg6 13. dxe6 fxe6 14. Ne5 $16) 13. O-O (13. Qd3 $6 {[%cal Gd3b5]}
f6 14. Qb5+ Qd7 15. Qxd7+ Kxd7 16. Rd1 e5 17. Be3 Bd6 $11) 13... c4 {[%cal
Gf8c5,Ga6c5]} 14. Be3 Bd6 15. Qd4 {[%csl Rc4,Rg7]} O-O 16. Qxc4 $16) 12. e4 Bd7
(12... Bg4 13. h3 Bxf3 14. Qxf3 $16) 13. Qd2 h6 $2 $18 {Serious, probably
decisive mistake.} ({Why not to try to complet kingside development?} 13... Bg7
14. Bh6 $16) 14. e5 $1 {Strong refutation of Black's passive play.} g5 (14...
Bg7 15. O-O {[%csl Rh6][%cal Gd2h6] Black can't play 0-0 because of Ph6 is
attacked.} Qb6 {More stubborn, Black will 0-0-0 with chances for resistance.} (
{Loses} 15... g5 16. e6 gxf4 17. Qxf4 (17. exd7+ Qxd7 18. Qxf4 Bxc3 19. bxc3
Rg8 (19... Qxd5 20. Rad1 $16 {[%csl Re8]}) 20. Rad1 (20. Ne5 Qxd5 21. Qa4+ Kd8
22. Nxf7+ Kc7 23. Qf4+ Kc8 24. Rf2 $16) 20... Qg4 21. Qd2 Rg7 22. Ne5 $16)
17... fxe6 18. Ne5 Bf6 19. Qg4 Qb6 (19... Qc8 20. Qg6+ Kd8 21. Rxf6 exf6 22. d6
$18) 20. Qg6+ Kd8 21. Nf7+ Kc7 22. Qg3+ e5 23. d6+ Kb8 24. Nxh8 $18) 16. Rab1
O-O-O $16) 15. e6 $1 {[%csl Re8]} gxf4 ({After} 15... fxe6 16. Qd3 $1 {[%csl
Re8][%cal Gd3g6] White wins by force.} Rg8 17. Qh7 Rg7 18. Qxh6 Qb6 (18... gxf4
19. Qh5+ Rf7 20. Ne5 $18) 19. Qh5+ Kd8 20. Be5 $18 {[%csl Rg7][%cal Ge5g7,
Ge5c3]}) 16. Qxf4 fxe6 (16... f6 17. Qf5 Qc7 18. Qg6+ Kd8 19. d6 $1 $18) 17.
Ne5 (17. Qe5 Qb6 18. Qxh8 exd5 19. O-O $18) 17... Qc7 {[%cal Ge8c8]} (17... Qb6
18. Qf7+ Kd8 19. O-O-O $18 {[%csl Rd8][%cal Gd1d8]}) 18. d6 $1 {Finkel,A:
'Very energetic play by white. Black has no time to breaze.'} exd6 (18... Qxd6
{Finkel,A} 19. Rd1 O-O-O 20. Rxd6 exd6 21. Nf7 $18) 19. Qf7+ Kd8 20. Qf6+ Kc8 (
20... Ke8 21. Qxh8 dxe5 22. O-O {[%csl Rf8]} Qd6 23. Ne4 $18) 21. Qxh8 Qd8 22.
Ng6 $1 {[%csl Rf8,Rh4][%cal Gg6h4] Preventing Qh4+} Kc7 23. O-O Be7 24. Qg7 Bg5
25. Rf7 Kc6 26. Rd1 Be3+ 27. Kh1 Bd4 28. Rxd4 cxd4 29. Qxd4 Qg5 30. h4 Qc1+ 31.
Kh2 Nc5 32. b4 {Instructive game!} 1-0